000 00630nam a2200193 a 4500
001 000032794
005 20240229073833.0
008 110726s2012 dr 000 0 spa d
020 _a9789945006087
040 _aDO-SdBNP
_bspa
_cBNPHU
082 _a303.482
_aM878p
100 1 _aMorrison, Mateo,
_d1947-
_91469
245 1 0 _aPolítica cultural en República Dominicana :
_breto inaplazable /
_cMateo Morrison.
250 _a2a. ed. Corregida y ampliada
260 _aSanto Domingo, :
_bBúho,
_c2012.
300 _a110 p. ;
_c22 cm.
500 _aIncluye datos biográficos del autor en la solapa de la cubierta
049 _aBNPD
999 _c32285
_d32285